| 000 | 00700cam a22002531 4500 | ||
|---|---|---|---|
| 001 | sa 68001441 | ||
| 003 | DLC | ||
| 005 | 20260227112433.0 | ||
| 008 | 710903s1967 ii b 000 0 eng | ||
| 010 | _asa 68001441 | ||
| 025 | _aPL480:I-E-9213 | ||
| 040 |
_aDLC _cDLC _dDLC |
||
| 050 | 0 | 0 |
_aD210 _b.S49 |
| 082 | 0 | 0 | _a909 |
| 100 | 1 |
_aSharma, Brij Mohan, _d1898- |
|
| 245 | 1 | 0 |
_aExpanding dimensions of freedom _c[by] B. M. Sharma & L. P. Choudhry. |
| 250 | _a[1st ed.] | ||
| 260 |
_aAgra, _bOriental Pub. House _c[1967] |
||
| 300 |
_avi, 370 p. _c23 cm. |
||
| 350 | _aRs30 | ||
| 504 | _aBibliographical footnotes. | ||
| 650 | 0 | _aHistory, Modern. | |
| 700 | 1 |
_aChoudhry, L. P., _ejoint author. |
|
| 999 |
_c77946 _d77946 |
||